01262nam a2200301Ia 450000500170000000800290001702000180004608200150006424502220007925000170030130000310031849000410034950400250039065000500041565000420046565000450050765000370055265000490058965000410063865000450067965000370072470000320076126400440079333600270083733700330086433800280089704000350092520220317000416.0141031s9999 ck 000 0 spa d a978958738200604a362.6bD2710aDerechos humanos y políticas públicas para el adulto mayorbsituación en Colombia y referencias iberoamericanas : Colombia, España, Ecuador, Cuba, Costa Rica, Uruguay cÓscar José Dueñas Ruiz...[y otros] a1a edición axix, 568 páginasc24 cm. aColección textos de jurisprudencia aIncluye biblogrfía142LEMBaAsistencia a la vejezzAmérica Latina142LEMBaAsistencia a la vejezzEspaña142LEMBaDerechos humanoszAmérica Latina142LEMBaDerechos humanoszEspaña142LEMBaPensiones a la vejezzAmérica Latina142LEMBaPensiones a la vejezzEspaña142LEMBaSeguridad socialzAmérica Latina142LEMBaSeguridad socialzEspaña1 aDueñas Ruiz, Oscar José aBogotábUniversidad del Rosarioc2011 atextobtxt2rdacontent asin mediaciónbn2rdamedia avolumenbnc2rdacarrier aCO-BoRNBPbspaerdacCO-BoRNBP